Every TDS Enemy - Statistics

General Stats
  • This quiz has been taken 55 times
    24 since last reset
  • The average score is 82 of 176
Answer Stats
Answer % Correct
Fallen
100%
Fallen (Legacy)
100%
Hidden
100%
Hidden Boss
100%
Slow
100%
Speedy
100%
Abnormal
86%
Normal
86%
Slow Boss
86%
Slow King
86%
Speedy King
86%
Balloon
71%
Breaker
71%
Breaker2
71%
Breaker3
71%
Breaker4
71%
Corrupted Fallen
71%
Enraged
71%
Fallen King (Legacy)
71%
Golden
71%
Gold Titan
71%
Grave Digger
71%
Lead
71%
Lead Balloon
71%
Lead Boss
71%
Molten
71%
Molten Titan
71%
Molten Titan (Legacy)
71%
Normal Boss
71%
Quick
71%
Shadow
71%
Soul
71%
Speedy Boss
71%
Void Reaver
71%
Wox The Fox
71%
Balloon Kid
57%
Bolt
57%
Brute
57%
Circuit
57%
Circuit 2
57%
Commander
57%
Failed Experiment
57%
Fallen Angel
57%
Fallen Giant
57%
Fallen King
57%
Fallen Necromancer
57%
Fallen Rusher
57%
Fallen Rusher (Legacy)
57%
Fallen Seraph
57%
Fallen Squire
57%
Fallen Swordmaster
57%
Ghoul
57%
Goo
57%
Gunslinger
57%
Hazmat
57%
Heavy
57%
Living Experiment
57%
Minigunner
57%
Molten Boss
57%
Molten Executioner
57%
Molten Warlord
57%
Mystery
57%
Necromancer
57%
Necrotic Skeleton
57%
Nuclear Monster
57%
Patient Zero
57%
Rusher
57%
Shadow Boss
57%
Shotgunner
57%
Skeleton
57%
Slime
57%
Tank
57%
Vindicator
57%
Warden
57%
24 Karat
43%
Abnormal Boss
43%
Abomination
43%
Amalgamation
43%
Armored
43%
Cursed Skeleton
43%
Elite Hazmat
43%
Elite Molten
43%
Executioner
43%
Fallen Dreg
43%
Fallen Guardian
43%
Fallen Guardian (Legacy)
43%
Fallen Hero
43%
Fallen Hero (Legacy)
43%
Fallen Honor Guard
43%
Fallen Jester
43%
Fallen Reaper
43%
Fallen Skeleton
43%
Fallen Soul
43%
Fallen Soul (Legacy)
43%
Fallen Tank
43%
Fallen Titan
43%
Giant Boss
43%
Gold Guard
43%
Hazard
43%
Invisible
43%
Lava
43%
Mega Slow
43%
Molten Hound
43%
Molten Summoner
43%
Mutagenic Blight
43%
Necromancer King
43%
Reaver
43%
Scout
43%
Shock
43%
Sock Puppet
43%
Soul Boss
43%
Soul Stealer
43%
Split
43%
Splitter
43%
Super Mutant
43%
Super Slime
43%
Templar
43%
Templar (Legacy)
43%
Toxic
43%
Unknown
43%
Wasterunner
43%
Wastewalker
43%
Boomer
29%
Boomer (Legacy)
29%
Bulwark
29%
Cavalry
29%
Champion Templar
29%
Charge
29%
Conjurer
29%
Dark Necromancer
29%
Elite Abnormal
29%
Error
29%
Fallen Hazmat
29%
Fallen Shield
29%
Fallen Summoner
29%
Fleshling
29%
Giant Skeleton
29%
Health Cultist
29%
Hefty
29%
Husk
29%
Knight
29%
Lurker
29%
Marionette
29%
Molten Demon
29%
Molten Golem
29%
Molten Mech
29%
Molten Necromancer
29%
Monkey
29%
Mystery Boss
29%
Necromancer Boss (Legacy)
29%
Nuclear Guardian
29%
Summoner Boss
29%
Super Toxic
29%
Undead Miner
29%
Awakened Fallen King
14%
Chained Boss
14%
Citizen Plush
14%
Cobalt Guard
14%
Demon
14%
Dummy Boss
14%
Elite Boomer
14%
Ghost
14%
Glitch
14%
Hazardous
14%
Mimic Umbra
14%
Mystery Summoner
14%
Possessed Armor
14%
Reaper
14%
Voodoo Doll
14%
Withered
14%
Clown
0%
Molten Corpse
0%
Reanimated
0%
Sin
0%
Tanker
0%
No matching quizzes found
Score Distribution
Percent of People with Each Score
Percentile by Number Answered
Your Score History
You have not taken this quiz since the last reset